| 000 | 00743nam a22001817a 4500 | ||
|---|---|---|---|
| 003 | OSt | ||
| 005 | 20250924040507.0 | ||
| 008 | 250924b |||||||| |||| 00| 0 eng d | ||
| 020 | _a9781848723047 | ||
| 040 |
_aDWC-Main Lib. _cOC |
||
| 100 | _aWILSON, ROBERT LOUIS | ||
| 245 |
_aUnderstanding emotional development : _bproviding insight into human lives/ _cWILSON, ROBERT LOUIS |
||
| 260 |
_aNew York : _bRoutledge, _cc2015. |
||
| 300 |
_axvi, 274 pages : _billustrations ; _c24 cm. |
||
| 504 | _aIncludes bibliographical references. | ||
| 650 | _a1. Emotions. 2. Emotions in infants. 3. Emotions in Children. 4. Emotions in adolescence. 5. Child development. I. Wilson, Rachel, 1969- II. Title. | ||
| 942 |
_2ddc _cBK-CIRC _hCirc. _n0 |
||
| 999 |
_c4526 _d4526 |
||